| 000 | 00417nam a2200181Ia 4500 | ||
|---|---|---|---|
| 001 | 4826 | ||
| 005 | 20260306145823.0 | ||
| 008 | 260306t2001||||xx |||||||||||||| ||spa|| | ||
| 041 | _aESP | ||
| 082 |
_a330.9 _bM22 |
||
| 100 |
_aMann, Catherine L. _eAUT |
||
| 245 | 4 | _aThe new economy and APEC | |
| 260 | _c2001 | ||
| 300 |
_a222 páginas : _c29 cm. |
||
| 650 | _aGEN | ||
| 654 | _aCAN | ||
| 942 |
_cLIB _dJUS _fJUS _2ddc _n |
||
| 999 |
_c4826 _d4826 |
||